| 000 | 00713nam a2200217 a 4500 | ||
|---|---|---|---|
| 001 | 85884 | ||
| 003 | BD-RjUL | ||
| 005 | 20251026103020.0 | ||
| 008 | 251026s1984 bg ||||| |||| 00| 0 ben d | ||
| 035 | _a(BD-RjUL)85884 | ||
| 040 |
_aBD-RjUL _beng _cBD-RjUL |
||
| 041 | _aben | ||
| 082 |
_223 _a330 _bMAU 1984 |
||
| 100 |
_aমাহমুদ, আবু _910628 |
||
| 245 |
_aউন্নয়ন উচ্ছাস ও তৃতীয় বিশ্ব / _cআবু মাহমুদ |
||
| 260 |
_a[ঢাকা :] _b[বাংলাবাজার] _c[১৯৮৪?] |
||
| 300 |
_a১৫৬ পৃ.; _c২২ সেমি. |
||
| 650 | _aঅর্থনীতি | ||
| 650 | _aEconomics | ||
| 942 |
_2ddc _cBK |
||
| 999 |
_c85884 _d85884 |
||